Datum a čas kvízu
27.5
Celkem bodů
Celkový počet nahraných bodů na tomto kvízu bez doplňovacích otázek.
6.
Pořadí na kvízu
Konečné umístění týmu na tomto kvízu.
Zaznamenané odpovědi
| # | Otázka | Odpověď | Body | Výsledky |
|---|---|---|---|---|
| 1. | V pondělí se v pražské Kramářo... | bývalí premiéři ČR (s doprovodem) | 1 | |
| 2. | Vláda jednoho ostrovního státu... | o Japonsku | 1 | |
| 3. | Kterému českému umělci některá... | Vítu Starému | 1 | |
| 4. | Členové volební komise dostano... | A | 1 | |
| 5. | Uveďte konečné skóre finálovéh... | 3:2 (po prodloužení) | 1 | |
| 6. | Podíváme se na pět kandidátů,... | C | 1 | |
| 7. | Ve které velké evropské zemi b... | ve Francii | 1 | |
| 8. | Které tvrzení o Marku Hilšerov... | B | 1 | |
| 9. | Vyberte z nabídky rodné příjme... | C | 0 | |
| 10. | Petr Pavel zastával v letech 2... | předseda vojenského výboru | 1 |